| 000 | 00553nam a2200181 a 4500 | ||
|---|---|---|---|
| 001 | 000282650 | ||
| 003 | AM-YeHGA | ||
| 005 | 20250618071846.0 | ||
| 008 | 031112s1971 ai 000 | arm d | ||
| 040 | _aAM-YeHGA | ||
| 041 | 0 | _aarm | |
| 100 | 1 |
_aՄանուկյան, Լևոն Խանաևի, _d1938- _92691 |
|
| 245 | 1 | 0 |
_aՄի սովորական օր / _cԼ. Մանուկյան. |
| 260 |
_aԵրևան : _bՀայաստան, _c1971. |
||
| 300 |
_a54 էջ ; _c17 սմ. |
||
| 650 | 1 | 4 |
_aՀայ գրականություն _xՊատմվածք |
| 090 | _c104809 | ||
| 999 |
_c103489 _d103489 |
||